01106nam a2200301Ia 450000500170000000800410001702000150005804100080007310000330008124501050011425000180021930000500023750000310028765000490031865000490036765000370041665000330045365000410048665000410052770000290056870000330059726400400063033600270067033700330069733800280073004000350075808400110079320220317001826.0170410s2003 s a g 000 j s  a8484181642 aspa1 aNogués, Jean-Cômed1934-13aEl genio del jazmíncJean-C{ringb}me Nogu{8A}s ; ilustrador Anne Romby ; traductor Sylvia Oussedik a1a. edición a[48] páginasbilustraciones en colorc33 cm aAltamente recomendado 2006142LEMBaCuentos infantiles francesesySiglo XX142LEMBaLiteratura infantil francesaySiglo XX142LEMBaAventuras en la literatura142LEMBaMagia en la literatura142LEMBaLibros ilustrados para niños142LEMBaLibros y lecturas para niños1 aRomby, Anneeilustradora1 aOussedik, Sylviaetraductora aBarcelonabZendrera Zariquieyc2003 atextobtxt2rdacontent asin mediaciónbn2rdamedia avolumenbnc2rdacarrier aCO-BoRNBPbspaerdacCO-BoRNBP aC NOG2